Régimen de facilidades de pago (Registro nro. 14673)
[ vista simple ]
| 000 -LEADER | |
|---|---|
| fixed length control field | 00307 a2200109 4500 |
| 001 - CONTROL NUMBER | |
| control field | ART_17918 |
| 005 - DATE AND TIME OF LATEST TRANSACTION | |
| control field | 20260410161655.0 |
| 008 - FIXED-LENGTH DATA ELEMENTS--GENERAL INFORMATION | |
| fixed length control field | 260409a |
| 100 1# - MAIN ENTRY--PERSONAL NAME | |
| Personal name | Baldo, Alberto |
| 245 10 - TITLE STATEMENT | |
| Title | Régimen de facilidades de pago |
| 773 0# - HOST ITEM ENTRY | |
| Title | Práctica profesional |
| Related parts | - Nº 110 (ene. 2010) |
| Record control number | REV542 |
No hay ítems disponibles.